000 00426nam a2200169 i 4500
001 bg
100 1 _aPODSIADŁO, A.
245 0 _aPodstawy konstrukcji maszyn.
_nCz. 2 /
_cA. Podsiadło.
260 _aGdynia,
_c1990.
650 9 _aMaszyny
_xbudowa i konstrukcje
655 _aPodręczniki akademickie
040 _cBPK
041 _apol
080 _a621(075.8)
942 _cKS
008 s pl f |000 0 pol
999 _c4561
_d4561
856 _uhttp://koha.tu.koszalin.pl/cgi-bin/koha/opac-detail.pl?biblionumber=4561
_yKatalog online BPK